| 000 | 02358nam0a2200361 i 4500 | ||
|---|---|---|---|
| 001 | RU\NLR\BIBL_A\011331725 | ||
| 005 | 20240921220957.0 | ||
| 010 |
_a9785441706582 _9500 |
||
| 021 |
_aRU _b2017-5436 _9381 |
||
| 035 | _a(NLR Aleph) 011331725 | ||
| 090 |
_a11138189 _c11138189 |
||
| 100 | _a20170220d2016 u y0rusy50 ca | ||
| 101 | 0 | _arus | |
| 102 | _aRU | ||
| 105 | _aa|||j|||000yy | ||
| 135 | _acrmn mmmancda | ||
| 200 | 1 |
_aДенежно-кредитное регулирование _eучебное пособие для студентов, обучающихся по программам высшего образования по направлению подготовки 38.03.01 Экономика _fГ.И. Парусимова, К.Ж. Садвокасова _gМинистерство образования и науки Российской Федерации, Федеральное государственное бюджетное образовательное учреждение высшего образования "Оренбургский государственный университет" |
|
| 210 |
_aОренбург _cУниверситет _d2016 |
||
| 215 |
_a182 с. _cил. _d22 |
||
| 300 | _aНа 4-й с. обл. авт.: Парусимова Н.И., Садвокасова К.Ж., доктора экон. наук, профессора | ||
| 320 | _aБиблиогр.: с. 177-182 (54 назв.) и в подстроч. примеч. | ||
| 325 | _aКопия доступна в Электрон. б-ке РНБ | ||
| 606 | 1 |
_aДенежно-кредитная политика _jУчебные издания для высших учебных заведений _yРоссийская Федерация _92160255 _3RU\NLR\AUTH\661300130 |
|
| 686 | 1 | _aУ26(2)26я73 | |
| 686 | 1 | _aУ26(2)22я73 | |
| 700 | 1 |
_aПарусимова _bН. И. _gНадежда Ивановна |
|
| 701 | 1 |
_aСадвокасова _bК.Ж. _gКуляш Жабыковна |
|
| 942 | _cBOOK | ||
| 980 | _aNBR | ||
| 981 | 1 | 3 |
_a(13) Документы, защищенные авторским правом _b(13) Современная научная, научно-популярная и популярная л |